| 000 | 00456nam a2200205Ia 4500 | ||
|---|---|---|---|
| 001 | 12451 | ||
| 003 | GE_BSU | ||
| 008 | 181216s||||||||xx |||||||||||||| ||und|| | ||
| 020 | _a058621089X | ||
| 040 | _cGE_BSU | ||
| 080 | _a821.111-312.4 | ||
| 100 | _aEasterman,Daniel. | ||
| 245 | 4 | _aThe Judas Testament. | |
| 260 | _aLondon. | ||
| 260 | _bHarper Collins. | ||
| 260 | _c1995 | ||
| 300 | _a510p;18cm. | ||
| 653 | _aThe Judas Testament. | ||
| 942 | _cBK | ||
| 999 |
_c45625 _d45625 |
||